000 00811nam a2200265 i 4500
001 19238
003 ES-MaACL
005 20230906152037.0
007 t|
008 020607s2002 sp ||||1| spa d
020 _a84-8453-082-5
080 _a821.581-31"19"
100 1 _aGao, Xingjian.
_953895
245 1 3 _aEl libro de un hombre solo /
_cGao Xingjian ; traducción de Xin Fei y José Luis Sánchez ; epílogo de Liu Zaifu.
250 _a1ª ed.
260 _a[Barcelona] :
_bEdiciones del Bronce,
_c2002.
300 _a540 p. ;
_c23 cm.
490 1 _aEtnicos del Bronce
700 1 _aFei, Xin.
_949096
700 1 _aSánchez, José Luis.
_9102382
700 1 _aZaifu, Liu.
_9117854
830 0 _aEtnicos del Bronce
_9228869
852 _aES-MaACL
_jL-25672
_bR.131417
999 _c19238
_d19238